[Event "IBCA EU-chT blind 03rd"]
[Site "Genova"]
[Date "2023.04.28"]
[Round "8.3"]
[White "Zsiltzova Lisenko, Lubov"]
[Black "Patev, Petko"]
[Result "1-0"]
[WhiteElo "2151"]
[BlackElo "1796"]
[PlyCount "56"]
[EventDate "2023.04.20"]
[EventType "team-swiss"]
[EventRounds "9"]
[EventCountry "ITA"]
[SourceTitle "CBM 213 Extra"]
[Source "ChessBase"]
[SourceDate "2023.05.31"]
[SourceVersion "1"]
[SourceVersionDate "2023.05.31"]
[SourceQuality "1"]
[WhiteTeam "Ukraine"]
[BlackTeam "Bulgaria"]
[WhiteTeamCountry "UKR"]
[BlackTeamCountry "BUL"]

1. e4 e5 2. Nf3 d6 3. d4 Nd7 4. Bc4 c6 5. Nc3 Be7 6. a4 a5 7. Be3 h6 8. h3 Qc7 9. 0-0 Nf8 10. Re1 g5 11. dxe5 dxe5 12. Nxe5 Ne6 13. Nf3 Nf6 14. Nd4 Ng7 15. Qe2 0-0 16. g4 h5 17. Nf5 Bxf5 18. gxf5 Nh7 19. Bd4 Qf4 20. Qe3 Qxe3 21. Bxe3 Kh8 22. Rad1 Rad8 23. Bb6 Rxd1 24. Rxd1 Bf6 25. Bxa5 Ra8 26. Bb6 g4 27. hxg4 hxg4 28. Bd4 Ng5 1-0

[Event "IBCA EU-chT blind 03rd"]
[Site "Genova"]
[Date "2023.04.24"]
[Round "5.3"]
[White "Badano, Giancarlo"]
[Black "Zsiltzova Lisenko, Lubov"]
[Result "0-1"]
[WhiteElo "1742"]
[BlackElo "2151"]
[PlyCount "70"]
[EventDate "2023.04.20"]
[EventType "team-swiss"]
[EventRounds "9"]
[EventCountry "ITA"]
[SourceTitle "CBM 213 Extra"]
[Source "ChessBase"]
[SourceDate "2023.05.31"]
[SourceVersion "1"]
[SourceVersionDate "2023.05.31"]
[SourceQuality "1"]
[WhiteTeam "Italy"]
[BlackTeam "Ukraine"]
[WhiteTeamCountry "ITA"]
[BlackTeamCountry "UKR"]

1. e4 c5 2. Nf3 d6 3. d4 cxd4 4. Nxd4 Nf6 5. Nc3 a6 6. Be2 e6 7. Be3 Be7 8. 0-0 0-0 9. a4 Qc7 10. Qd2 b6 11. f3 Nbd7 12. g4 Bb7 13. g5 Ne8 14. f4 Nc5 15. Bd3 e5 16. Nf5 Bd8 17. Qg2 Nxd3 18. cxd3 Qd7 19. h4 Kh8 20. Rf3 Rc8 21. Rg3 b5 22. axb5 axb5 23. Rf1 b4 24. Nd1 Qb5 25. Qd2 d5 26. fxe5 dxe4 27. d4 Bb6 28. h5 Rd8 29. Rf2 Bc7 30. Qe2 Qd7 31. Rf1 Qe6 32. Qf2 Ba6 33. Re1 Ba5 34. Bd2 Bd3 35. Be3 Bc7 0-1

[Event "IBCA World-chT blind 9th"]
[Site "Ohrid"]
[Date "2022.07.07"]
[Round "9.2"]
[White "Zsiltzova Lisenko, Lubov"]
[Black "Vela Ignacio, Jose Manuel"]
[Result "1/2-1/2"]
[WhiteElo "2165"]
[BlackElo "2026"]
[PlyCount "111"]
[EventDate "2022.06.28"]
[EventType "team-swiss"]
[EventRounds "9"]
[EventCountry "MKD"]
[SourceTitle "EXT 2024"]
[Source "ChessBase"]
[SourceDate "2023.10.10"]
[SourceVersion "1"]
[SourceVersionDate "2023.10.10"]
[SourceQuality "1"]
[WhiteTeam "Ukraine"]
[BlackTeam "Spain"]
[WhiteTeamCountry "UKR"]
[BlackTeamCountry "ESP"]

1. e4 e6 2. d4 d5 3. exd5 exd5 4. Bd3 Nc6 5. c3 Bd6 6. Nf3 Bg4 7. h3 Bh5 8. 0-0 Nge7 9. Nbd2 Qd7 10. Re1 0-0 11. Nf1 f6 12. Ng3 Bg6 13. Nh4 Bxd3 14. Qxd3 Rae8 15. Bd2 Nd8 16. Nhf5 Nxf5 17. Nxf5 Nf7 18. Qf3 g6 19. Nh6+ Nxh6 20. Bxh6 Rf7 21. Rxe8+ Qxe8 22. Qxd5 Kh8 23. Be3 Re7 24. Re1 f5 25. Kf1 Bf4 26. Qxb7 Bxe3 27. Rxe3 Rxe3 28. fxe3 Qxe3 29. Qc8+ Kg7 30. Qxc7+ Kh6 31. Qe5 Qc1+ 32. Qe1 Qxb2 33. a4 Qa2 34. Kg1 Qxa4 35. d5 Qf4 36. Kh1 Qd6 37. c4 Kg5 38. Qe3+ f4 39. Qxa7 Qb4 40. Qd4 Qe1+ 41. Qg1 Qd2 42. Qf1 Kf5 43. Kh2 Ke4 44. Qf3+ Kd4 45. d6 Kc5 46. Qa3+ Kxc4 47. Qa6+ Kc5 48. Qc8+ Kb5 49. Qb7+ Kc4 50. Qc6+ Kb4 51. Qb6+ Kc4 52. Kh1 Qe1+ 53. Qg1 Qd2 54. Qf1+ Kc5 55. d7 Qxd7 56. Qxf4 1/2-1/2

[Event "SLO-ch blind int 13th"]
[Site "Izola"]
[Date "2019.06.03"]
[Round "1"]
[White "Zsiltzova Lisenko, Lubov"]
[Black "Ymeri, Rinor"]
[Result "1-0"]
[WhiteElo "2151"]
[BlackElo "1658"]
[PlyCount "83"]
[EventDate "2019.06.03"]
[EventType "swiss"]
[EventRounds "7"]
[EventCountry "SLO"]
[SourceTitle "CBM 190 Extra"]
[Source "ChessBase"]
[SourceDate "2019.07.15"]
[SourceVersion "1"]
[SourceVersionDate "2019.07.15"]
[SourceQuality "1"]

1. e4 e6 2. d4 d6 3. f4 g6 4. Nf3 Bg7 5. Bd3 c6 6. 0-0 Ne7 7. c3 b5 8. Qe1 Nd7 9. Be3 Bb7 10. Nbd2 a5 11. f5 exf5 12. exf5 0-0 13. Bg5 f6 14. Bf4 Re8 15. Qg3 Nf8 16. Bxd6 Bc8 17. fxg6 Nfxg6 18. Bxe7 Nxe7 19. Nh4 Rf8 20. Nf5 Bxf5 21. Bxf5 Qd5 22. Be4 Qg5 23. Qxg5 fxg5 24. Rxf8+ Rxf8 25. Rf1 Bf6 26. Nb3 a4 27. Nc5 h6 28. Nd7 Bg7 29. Nxf8 Bxf8 30. b3 axb3 31. axb3 Kg7 32. b4 Kg8 33. h3 Bg7 34. Ra1 Kf7 35. Ra6 Nd5 36. Bxd5+ cxd5 37. Rd6 Ke7 38. Rxd5 Ke6 39. Rxb5 Kd6 40. Rc5 Bf8 41. b5 Kd7 42. Rc6 1-0

[Event "IBCA Wch blind 14th"]
[Site "Cagliari"]
[Date "2019.04.10"]
[Round "5"]
[White "Zsiltzova Lisenko, Lubov"]
[Black "Aryan, B Joshi"]
[Result "1/2-1/2"]
[WhiteElo "2191"]
[BlackElo "1864"]
[PlyCount "71"]
[EventDate "2019.04.06"]
[EventType "swiss"]
[EventRounds "9"]
[EventCountry "ITA"]
[SourceTitle "CBM 189 Extra"]
[Source "ChessBase"]
[SourceDate "2019.06.03"]
[SourceVersion "1"]
[SourceVersionDate "2019.06.03"]
[SourceQuality "1"]

1. e4 c6 2. d4 d5 3. exd5 cxd5 4. Bd3 Nc6 5. c3 Nf6 6. Bg5 e6 7. Nf3 Be7 8. 0-0 Bd7 9. Nbd2 h6 10. Bh4 a6 11. Re1 Nh5 12. Bxe7 Qxe7 13. Ne5 Nf6 14. Ndf3 0-0 15. Bc2 Na5 16. a4 b5 17. Qd3 Rfc8 18. Nxd7 Qxd7 19. Ne5 Qc7 20. h3 b4 21. Re3 bxc3 22. b3 Rab8 23. Rb1 Rb4 24. Rf3 Nc6 25. Rxf6 gxf6 26. Qh7+ Kf8 27. Ng4 Nxd4 28. Qh8+ Ke7 29. Qxf6+ Kd6 30. Bd3 c2 31. Rc1 Qc3 32. Qf4+ Ke7 33. Qf6+ Kd6 34. Qf4+ Kc5 35. Qxf7 Kd6 36. Qf4+ 1/2-1/2

[Event "Olympiad Women-43"]
[Site "Batumi"]
[Date "2018.10.04"]
[Round "10.1"]
[White "Zsiltzova Lisenko, Lubov"]
[Black "Kollari, Hafife"]
[Result "1-0"]
[WhiteElo "2214"]
[BlackElo "1437"]
[PlyCount "61"]
[EventDate "2018.09.24"]
[EventType "team-swiss"]
[EventRounds "11"]
[EventCountry "GEO"]
[SourceTitle "EXT 2020"]
[Source "ChessBase"]
[SourceDate "2019.10.17"]
[SourceVersion "1"]
[SourceVersionDate "2019.10.17"]
[SourceQuality "1"]
[WhiteTeam "IBCA (W)"]
[BlackTeam "Kosovo (W)"]
[BlackTeamCountry "KOS"]

1. e4 e5 2. Nf3 Nc6 3. Bb5 a6 4. Bxc6 dxc6 5. 0-0 Bg4 6. h3 Bxf3 7. Qxf3 Nf6 8. d3 Be7 9. Qg3 g6 10. Qxe5 Qd6 11. Qc3 Qc5 12. Qxc5 Bxc5 13. Bh6 Rg8 14. Nd2 g5 15. Nf3 g4 16. hxg4 Nxg4 17. Bf4 Bxf2+ 18. Rxf2 Nxf2 19. Kxf2 0-0-0 20. Rh1 Rg6 21. Rxh7 Rdg8 22. g3 R6g7 23. Rh5 f6 24. Nh4 Rd7 25. Rh6 Rd4 26. Nf5 Rd7 27. Rxf6 Rh7 28. Nh6 Rd8 29. g4 Rdd7 30. g5 Rde7 31. g6 1-0

[Event "IBCA Wch Blind and Visually imp (Women)"]
[Site "Solec Zdroj"]
[Date "2018.08.14"]
[Round "2.1"]
[White "Sanchez Ruiz, Piedad Esmeralda"]
[Black "Zsiltzova Lisenko, Lubov"]
[Result "0-1"]
[WhiteElo "1687"]
[BlackElo "2207"]
[PlyCount "126"]
[EventDate "2018.08.14"]
[EventType "swiss"]
[EventRounds "9"]
[EventCountry "POL"]
[SourceTitle "EXT 2024"]
[Source "ChessBase"]
[SourceDate "2023.10.10"]
[SourceVersion "1"]
[SourceVersionDate "2023.10.10"]
[SourceQuality "1"]

1. e4 c5 2. Nf3 Nc6 3. d4 cxd4 4. Nxd4 g6 5. Nc3 Bg7 6. Be3 Nf6 7. h3 0-0 8. Be2 d5 9. exd5 Nb4 10. 0-0 Nbxd5 11. Nxd5 Nxd5 12. Bg5 h6 13. Bh4 Nf4 14. c3 Bxd4 15. cxd4 Qxd4 16. Bg3 Nxe2+ 17. Qxe2 Be6 18. Be5 Qh4 19. Qe3 Rfd8 20. Rfc1 Kh7 21. a3 Rd7 22. Rd1 Rad8 23. Rxd7 Rxd7 24. Rc1 a6 25. Kh2 Bd5 26. Rc8 f6 27. Bc3 Qg5 28. Qxg5 hxg5 29. f3 Bc6 30. Kg3 Kg7 31. Rb8 Kf7 32. Rh8 Bb5 33. Rc8 Rd6 34. Rb8 Bc6 35. Rc8 Rd5 36. Rh8 Ke6 37. Rh7 Bb5 38. Rg7 Rd7 39. Rg8 Rd3 40. Rg7 Be8 41. Rg8 Kf7 42. Rh8 Re3 43. Bd4 Re2 44. Bc3 Bc6 45. Rd8 f5 46. Rd2 Re3 47. Rd8 e5 48. Kf2 f4 49. Bd2 Rb3 50. Bc3 e4 51. fxe4 Bxe4 52. Rd6 Rb5 53. Rf6+ Ke7 54. h4 Rc5 55. hxg5 Rxg5 56. Rxf4 Rxg2+ 57. Ke3 Bc6 58. Rf2 Rg1 59. Rf4 g5 60. Rf5 g4 61. Rg5 g3 62. Be5 g2 63. Bh2 Rh1 0-1

[Event "IBCA Wch Blind and Visually imp (Women)"]
[Site "Solec Zdroj"]
[Date "2018.08.14"]
[Round "9.1"]
[White "Zsiltzova Lisenko, Lubov"]
[Black "Benkunskiene, Violeta"]
[Result "1-0"]
[WhiteElo "2207"]
[BlackElo "1534"]
[PlyCount "69"]
[EventDate "2018.08.14"]
[EventType "swiss"]
[EventRounds "9"]
[EventCountry "POL"]
[SourceTitle "EXT 2024"]
[Source "ChessBase"]
[SourceDate "2023.10.10"]
[SourceVersion "1"]
[SourceVersionDate "2023.10.10"]
[SourceQuality "1"]

1. e4 e6 2. d4 d5 3. e5 c5 4. c3 Nc6 5. Nf3 cxd4 6. cxd4 Bb4+ 7. Nc3 Nge7 8. a3 Ba5 9. b4 Bc7 10. Bd3 0-0 11. Bxh7+ Kh8 12. Bd3 Qe8 13. 0-0 g6 14. Bg5 Ng8 15. Qd2 Bd8 16. Qf4 Bxg5 17. Nxg5 Kg7 18. Rae1 Nce7 19. Nb5 Qd8 20. Rc1 Nc6 21. Rc3 a6 22. Qh4 Nh6 23. Nd6 Qe7 24. Bc2 Nxd4 25. Qxd4 Qxg5 26. Rc7 Qd8 27. Qc3 b5 28. Rc1 Qg5 29. Bd3 Qh4 30. Nxc8 Ng4 31. Qd4 Qxh2+ 32. Kf1 Qh1+ 33. Ke2 Qh5 34. f3 Nh2 35. Qf4 1-0

[Event "IBCA Wch Blind and Visually imp (Women)"]
[Site "Solec Zdroj"]
[Date "2018.08.14"]
[Round "1.1"]
[White "Zsiltzova Lisenko, Lubov"]
[Black "Kruk, Clementine"]
[Result "1-0"]
[WhiteElo "2207"]
[BlackElo "1380"]
[PlyCount "93"]
[EventDate "2018.08.14"]
[EventType "swiss"]
[EventRounds "9"]
[EventCountry "POL"]
[SourceTitle "EXT 2024"]
[Source "ChessBase"]
[SourceDate "2023.10.10"]
[SourceVersion "1"]
[SourceVersionDate "2023.10.10"]
[SourceQuality "1"]

1. e4 e5 2. Nf3 Nc6 3. Bc4 Bc5 4. 0-0 Nf6 5. Nc3 d6 6. h3 Be6 7. Bb5 0-0 8. Bxc6 bxc6 9. d4 exd4 10. Nxd4 Qd7 11. Bg5 Ne8 12. Qd3 Kh8 13. Rad1 f5 14. Be3 Bb6 15. exf5 Bxf5 16. Nxf5 Qxf5 17. Qxf5 Rxf5 18. Rfe1 Nf6 19. Bxb6 axb6 20. Re7 Rc8 21. Rde1 Kg8 22. g4 Rf4 23. Kg2 Kf8 24. Kg3 Rd4 25. R1e2 Re8 26. Rxc7 Rxe2 27. Nxe2 Rd2 28. Nf4 Rxc2 29. Ne6+ Kg8 30. Rxg7+ Kh8 31. Rb7 Rxb2 32. Rb8+ Ng8 33. g5 Re2 34. Nf4 Rb2 35. Nh5 Rb1 36. Nf6 Rg1+ 37. Kf4 Kg7 38. Rxg8+ Kf7 39. Rb8 Rb1 40. h4 Rb4+ 41. Kf5 Rxh4 42. Rxb6 Ke7 43. Rb7+ Kf8 44. Nxh7+ Kg8 45. Nf6+ Kf8 46. g6 Rh2 47. g7# 1-0

[Event "IBCA-ol blind 15th"]
[Site "Ohrid"]
[Date "2017.06.27"]
[Round "8.4"]
[White "Zsiltzova Lisenko, Lubov"]
[Black "Riegler, Dieter"]
[Result "1-0"]
[WhiteElo "2194"]
[BlackElo "2015"]
[PlyCount "79"]
[EventDate "2017.06.19"]
[EventType "team-swiss"]
[EventRounds "9"]
[EventCountry "MKD"]
[SourceTitle "CBM 179 Extra"]
[Source "ChessBase"]
[SourceDate "2017.08.23"]
[SourceVersion "1"]
[SourceVersionDate "2017.08.23"]
[SourceQuality "1"]
[WhiteTeam "Ukraine"]
[BlackTeam "Germany"]
[WhiteTeamCountry "UKR"]
[BlackTeamCountry "GER"]

1. e4 c5 2. Nf3 d6 3. d4 cxd4 4. Nxd4 Nf6 5. Nc3 Nc6 6. Bc4 Qb6 7. Nb3 e6 8. a4 Qc7 9. Qe2 b6 10. 0-0 Be7 11. f4 a6 12. Kh1 Bb7 13. Bd2 0-0 14. Rae1 Nb4 15. e5 dxe5 16. fxe5 Nfd5 17. Nxd5 Bxd5 18. Bxd5 Nxd5 19. c3 Rfe8 20. Nd4 Bf8 21. Qg4 Ne7 22. Rxf7 Qc4 23. b3 Qc8 24. Rf3 Nc6 25. Qe4 Nxd4 26. cxd4 Qd7 27. Rh3 g6 28. Rf1 Rad8 29. Qh4 Qg7 30. Bg5 Be7 31. Bf6 Bxf6 32. exf6 Rf8 33. Qf4 Qf7 34. Rc3 Rc8 35. Rxc8 Rxc8 36. h3 Rf8 37. Qd6 b5 38. a5 e5 39. dxe5 Qxb3 40. e6 1-0

[Event "IBCA EU-ch blind 06th"]
[Site "Lyon"]
[Date "2015.07.31"]
[Round "7"]
[White "Dalschaert, Didier"]
[Black "Zsiltzova Lisenko, Lubov"]
[Result "0-1"]
[WhiteElo "1836"]
[BlackElo "2224"]
[PlyCount "104"]
[EventDate "2015.07.25"]
[EventType "swiss"]
[EventRounds "9"]
[EventCountry "FRA"]
[SourceTitle "CBM 167 Extra"]
[Source "ChessBase"]
[SourceDate "2015.09.14"]
[SourceVersion "1"]
[SourceVersionDate "2015.09.14"]
[SourceQuality "1"]

1. e4 c5 2. Nf3 d6 3. d4 cxd4 4. Nxd4 Nf6 5. Nc3 a6 6. Be2 e5 7. Nb3 Be7 8. 0-0 0-0 9. Be3 Be6 10. Qd2 Nbd7 11. f4 exf4 12. Bxf4 Ne5 13. Bxe5 dxe5 14. Qxd8 Rfxd8 15. Rad1 Bb4 16. Bf3 Bxc3 17. bxc3 Bc4 18. Rfe1 b6 19. a4 a5 20. Nd4 exd4 21. e5 Nd5 22. Rxd4 Rac8 23. Red1 Kf8 24. Bxd5 Bxd5 25. Rxd5 Rxd5 26. Rxd5 Rxc3 27. Rd6 Rxc2 28. Rxb6 Rc5 29. e6 fxe6 30. Rxe6 Rc4 31. Ra6 Rxa4 32. Ra8+ Kf7 33. Ra7+ Kg6 34. Ra6+ Kh5 35. Ra7 Kh6 36. Ra6+ g6 37. h3 Kg5 38. Kh2 Ra3 39. Ra7 h5 40. Rg7 Ra2 41. h4+ Kf6 42. Rb7 Ra4 43. Kh3 Rg4 44. Rb6+ Ke7 45. Ra6 a4 46. Ra7+ Kd6 47. Ra5 Kc6 48. g3 Kb6 49. Ra8 Kb5 50. Rb8+ Kc4 51. Rb6 a3 52. Ra6 Kb3 0-1

[Event "Olympiad Women-41"]
[Site "Tromsoe"]
[Date "2014.08.11"]
[Round "9.1"]
[White "Zsiltzova Lisenko, Lubov"]
[Black "Ptacnikova, Lenka"]
[Result "0-1"]
[WhiteElo "2262"]
[BlackElo "2273"]
[PlyCount "60"]
[EventDate "2014.08.02"]
[EventType "team-swiss"]
[EventRounds "11"]
[EventCountry "NOR"]
[SourceTitle "CBM 162"]
[Source "ChessBase"]
[SourceDate "2014.09.17"]
[SourceVersion "1"]
[SourceVersionDate "2014.09.17"]
[SourceQuality "1"]
[WhiteTeam "IBCA (W)"]
[BlackTeam "Iceland (W)"]
[BlackTeamCountry "ISL"]

1. e4 d6 2. d4 Nf6 3. Nc3 Nbd7 4. f4 e5 5. Nf3 exd4 6. Qxd4 c6 7. Bd2 d5 8. exd5 Bc5 9. Qd3 0-0 10. 0-0-0 Qc7 11. Ng5 Bd6 12. dxc6 bxc6 13. Qf3 Rb8 14. Nce4 Be7 15. Bd3 h6 16. Nxf6+ Bxf6 17. c3 hxg5 18. h4 g4 19. Qe4 g6 20. Bc4 Kg7 21. h5 Nc5 22. Qe3 Qb6 23. b3 Bf5 24. hxg6 fxg6 25. Rde1 Ne4 26. Qe2 Qa5 27. b4 Qa3+ 28. Kd1 Rfd8 29. Qxe4 Bxe4 30. Rxe4 Qxc3 0-1

[Event "Olympiad Women-41"]
[Site "Tromsoe"]
[Date "2014.08.10"]
[Round "8.1"]
[White "Hazim Gonzalez, Elizabeth"]
[Black "Zsiltzova Lisenko, Lubov"]
[Result "0-1"]
[WhiteElo "1833"]
[BlackElo "2262"]
[PlyCount "98"]
[EventDate "2014.08.02"]
[EventType "team-swiss"]
[EventRounds "11"]
[EventCountry "NOR"]
[SourceTitle "CBM 162"]
[Source "ChessBase"]
[SourceDate "2014.09.17"]
[SourceVersion "1"]
[SourceVersionDate "2014.09.17"]
[SourceQuality "1"]
[WhiteTeam "Dominican Republic (W)"]
[BlackTeam "IBCA (W)"]
[WhiteTeamCountry "DOM"]

1. e4 c5 2. Nc3 Nc6 3. g3 g6 4. Bg2 Bg7 5. d3 Rb8 6. f4 d6 7. Nf3 Nd4 8. 0-0 Bg4 9. h3 Nxf3+ 10. Bxf3 Bxh3 11. Rf2 Bd4 12. Qe2 Bxf2+ 13. Kxf2 Nf6 14. e5 dxe5 15. Qxe5 Qd4+ 16. Qxd4 cxd4 17. Nb5 0-0 18. Nxd4 Rfd8 19. Be3 Ng4+ 20. Ke2 Nxe3 21. Kxe3 Bd7 22. Re1 b6 23. Kd2 e6 24. g4 Rbc8 25. g5 Kg7 26. Re5 Rh8 27. b3 h6 28. gxh6+ Rxh6 29. Rg5 Rh2+ 30. Rg2 Rch8 31. Rxh2 Rxh2+ 32. Be2 f6 33. Nf3 Rh3 34. Ke3 Bc6 35. Kf2 Bxf3 36. Bxf3 f5 37. Bg2 Rh8 38. c4 Kf6 39. d4 g5 40. fxg5+ Kxg5 41. a3 Kf4 42. d5 e5 43. b4 Rc8 44. Bf1 e4 45. d6 Rc6 46. c5 bxc5 47. bxc5 Rxc5 48. d7 Rd5 49. Bb5 Rd2+ 0-1

[Event "IBCA Wch blind 13th"]
[Site "Katerini"]
[Date "2014.05.13"]
[Round "8"]
[White "Rositsan, Boris"]
[Black "Zsiltzova Lisenko, Lubov"]
[Result "0-1"]
[WhiteElo "2086"]
[BlackElo "2268"]
[PlyCount "58"]
[EventDate "2014.05.05"]
[EventType "swiss"]
[EventRounds "9"]
[EventCountry "GRE"]
[SourceTitle "CBM 160 Extra"]
[Source "ChessBase"]
[SourceDate "2014.07.01"]
[SourceVersion "1"]
[SourceVersionDate "2014.07.01"]
[SourceQuality "1"]

1. e4 c5 2. Nf3 Nc6 3. d4 cxd4 4. Nxd4 Qb6 5. Nb3 Nf6 6. Nc3 e6 7. Be3 Qc7 8. a3 Be7 9. g4 d6 10. g5 Nd7 11. f4 a6 12. h4 b5 13. h5 b4 14. axb4 Nxb4 15. Rg1 Rb8 16. Nd4 Nc5 17. f5 e5 18. Nb3 Nxe4 19. Nxe4 Nxc2+ 20. Kf2 Nxe3 21. Kxe3 Qb6+ 22. Nd4 Bxf5 23. Rxa6 Qxd4+ 24. Qxd4 exd4+ 25. Kxd4 Rb4+ 26. Kc3 Rxe4 27. Ra8+ Bd8 28. Bd3 Re3 29. Rd1 0-0 0-1

[Event "IBCA Wch blind (Women)"]
[Site "Belgrade"]
[Date "2013.08.31"]
[Round "9"]
[White "Zsiltzova Lisenko, Lubov"]
[Black "Sanchez Ruiz, Piedad Esmeralda"]
[Result "1-0"]
[WhiteElo "2245"]
[BlackElo "1844"]
[PlyCount "67"]
[EventDate "2013.08.22"]
[EventType "swiss"]
[EventRounds "9"]
[EventCountry "SRB"]
[SourceTitle "EXT 2015"]
[Source "ChessBase"]
[SourceDate "2014.11.20"]
[SourceVersion "1"]
[SourceVersionDate "2014.11.20"]
[SourceQuality "1"]

1. e4 c5 2. Nf3 e6 3. d4 cxd4 4. Nxd4 a6 5. Nc3 Qc7 6. f4 b5 7. Qf3 Bb7 8. Bd3 d6 9. Be3 Nf6 10. 0-0 Nbd7 11. Kh1 Nc5 12. a3 Be7 13. Rae1 0-0 14. Qh3 Rac8 15. e5 Nxd3 16. cxd3 dxe5 17. Nde2 exf4 18. Bxf4 Qc6 19. Nd4 Qd7 20. Be5 Rfd8 21. Re3 Ne8 22. Nde2 Bf8 23. Qg4 g6 24. Rh3 Bg7 25. Bxg7 Nxg7 26. Qh4 h5 27. Ne4 Qc6 28. Qg5 Rd5 29. Nf6+ Kf8 30. Nxd5 exd5 31. Rhf3 Rc7 32. Rf6 Qe8 33. Nd4 Bc8 34. Rxg6 1-0

[Event "IBCA Wch blind (Women)"]
[Site "Belgrade"]
[Date "2013.08.28"]
[Round "6"]
[White "Zsiltzova Lisenko, Lubov"]
[Black "Chernichenko, Olga"]
[Result "1-0"]
[WhiteElo "2245"]
[BlackElo "1939"]
[PlyCount "97"]
[EventDate "2013.08.22"]
[EventType "swiss"]
[EventRounds "9"]
[EventCountry "SRB"]
[SourceTitle "EXT 2015"]
[Source "ChessBase"]
[SourceDate "2014.11.20"]
[SourceVersion "1"]
[SourceVersionDate "2014.11.20"]
[SourceQuality "1"]

1. e4 g6 2. d4 Bg7 3. Nc3 d6 4. f4 Nf6 5. Nf3 c5 6. dxc5 Qa5 7. Bd3 Qxc5 8. Qe2 Nc6 9. a3 Bg4 10. Be3 Qh5 11. 0-0 0-0 12. h3 Bxf3 13. Rxf3 Nd7 14. Qf2 Qa5 15. Qd2 a6 16. Rff1 Rac8 17. f5 Nde5 18. Bh6 Nxd3 19. Bxg7 Kxg7 20. cxd3 Qc5+ 21. Kh1 Qe5 22. Qf2 Nd4 23. g4 f6 24. fxg6 hxg6 25. Qh2 Qxh2+ 26. Kxh2 g5 27. Rac1 Kf7 28. Kg2 Rh8 29. Rh1 Ne6 30. Ne2 b5 31. d4 a5 32. d5 Nc5 33. Kf3 Nd3 34. Rxc8 Rxc8 35. Nd4 Nxb2 36. Nxb5 Rc5 37. Nd4 Rc3+ 38. Ke2 Nc4 39. Nf5 Nxa3 40. h4 gxh4 41. Rxh4 Rc2+ 42. Kd3 Rg2 43. Rh7+ Kf8 44. Rxe7 Nb1 45. Ra7 Rd2+ 46. Ke3 Ra2 47. Nxd6 a4 48. Rf7+ Kg8 49. Rxf6 1-0